[Event "Dos Hermanas-A"]
[Site "Dos Hermanas"]
[Date "2001.04.20"]
[Round "2"]
[White "Dreev, Alexey"]
[Black "Azmaiparashvili, Zurab"]
[Result "1/2-1/2"]
[WhiteElo "2685"]
[BlackElo "2670"]
[Annotator "Huzman,A"]
[PlyCount "75"]
[EventDate "2001.04.19"]
[EventType "tourn"]
[EventRounds "9"]
[EventCountry "ESP"]
[EventCategory "16"]
[SourceTitle "CBM 083"]
[Source "ChessBase"]
[SourceDate "2001.07.05"]
[SourceVersion "1"]
[SourceVersionDate "2001.07.05"]
[SourceQuality "1"]

1. d4 d5 2. c4 dxc4 3. Nf3 c5 4. d5 Nf6 5. Nc3 e6 6. e4 exd5 7. e5 Ne4 8. Qxd5
Nxc3 9. Qxd8+ Kxd8 10. bxc3 Nc6 11. Bxc4 Be6 12. Bxe6 (12. Bb3 Bxb3 13. axb3
Be7 14. Bf4 Kd7 15. O-O-O+ Ke6 16. Bg5 Rhd8 17. Bxe7 Kxe7 18. Kc2 h6 $11 {
1/2-1/2 Tukmakov,V-Giertz,N/Biel 1998/EXT 99 (45)}) 12... fxe6 13. Ng5 (13. Ke2
Be7 14. Rd1+ Kc7 15. Bg5 Rae8 $11) 13... Kd7 (13... Nxe5 $2 14. f4 Nd3+ 15. Kd2
Nxc1 16. Nf7+ Kd7 17. Nxh8 Bd6 18. g3 $16) 14. Be3 Nxe5 (14... Re8 15. O-O-O+
Kc7 16. Nf7 Rg8 17. Nd6 Rd8 18. Bxc5 $16) 15. O-O-O+ Kc6 16. Bf4 (16. Nxe6 Re8
(16... c4 $5 17. Nd4+ (17. Rd4 Re8 18. Nxf8 Rhxf8 $11) 17... Kd5 18. Nf3+ Nd3+
19. Kc2 Kc6 $11) 17. Nd8+ Kc7 18. Bf4 Bd6 $5 (18... Rxd8 19. Rxd8 (19. Bxe5+
Bd6 20. Rxd6 Rxd6 21. Rd1 Rhd8 $11) 19... Kxd8 20. Bxe5 Be7 $11) 19. Rxd6 Kxd6
20. Nf7+ Ke6 21. Nxe5 Kf5 22. g3 Rxe5 $11) 16... Ng6 (16... Ng4 17. Bg3 Re8 18.
Rhe1 $36) 17. Bg3 e5 18. Nf7 Rg8 19. h4 $1 h5 (19... Re8 20. Rhe1 h5 21. a4 b6
22. f4 Be7 23. f5 Nxh4 24. Rxe5 $16) 20. Rhe1 Be7 $1 21. Kc2 (21. Nxe5+ Nxe5
22. Rxe5 Bf6 23. Rxh5 Bxc3 (23... Rad8 24. Rxd8 Rxd8 25. Be5 Rd5 26. f4 Bxe5
27. fxe5 Rd3 28. Rg5 Rxc3+ 29. Kb2 Re3 30. Rxg7 Rxe5 31. g4 $16) 24. Rhd5 (24.
Rd6+ Kb5 25. Rd7 b6 (25... Rae8 $5 26. Rxb7+ Kc4 27. f3 Re2 $44) 26. Kc2 Bf6
27. Kb3 Rgd8 $15) 24... Bd4 25. Rd6+ Kb5 26. Rd7 b6 $15) 21... Bf6 22. Bxe5
Nxe5 (22... Raf8 23. Bxf6 (23. Rd6+ Kc7 24. Bg3 Kc8 $11) 23... Rxf7 24. Re6+
Kb5 25. a4+ $1 Kxa4 (25... Ka5 26. Bd8+ Rxd8 27. Rxd8 Nxh4 28. Re5 Rxf2+ 29.
Kb3 $16) 26. c4 Kb4 (26... Rxf6 27. Kc3 $18) 27. Bc3+ Kxc4 28. Re4+ Kb5 29.
Rb1+ Kc6 30. Re6+ Kd5 31. Rxg6 $16) 23. Nxe5+ Bxe5 24. Rxe5 Raf8 25. f3 g6 26.
Re6+ Kc7 27. Re7+ Kc6 28. Re6+ (28. Rdd7 g5 29. Rc7+ Kd6 30. hxg5 Rxg5 $132 {/=
}) 28... Kc7 29. Rd5 Rf5 $1 30. Ree5 (30. Rxg6 $5 Rxg6 31. Rxf5 Rxg2+ 32. Kb3
Kc6 33. Rxh5 (33. a4 $5 Rg3 34. Kc4 b6 35. Rf6+ Kb7 36. Kd5 Rh3 37. Rf4 Ka6
$132) 33... b5 34. a4 c4+ 35. Ka3 a6 $14) 30... b6 31. Kd3 Rf4 32. Re4 Rf5 33.
Re7+ Kc6 34. Rde5 Rf4 35. Re4 g5 $1 36. hxg5 (36. R4e6+ Kb5 37. Rxa7 Rd8+ $11)
36... Rxe4 37. Rxe4 Rxg5 $11 38. Re2 1/2-1/2

[Event "POL-chT 53rd"]
[Site "Krynica"]
[Date "1997.10.01"]
[Round "7"]
[White "Ivanov, Sergey"]
[Black "Kaminski, Marcin"]
[Result "1-0"]
[WhiteElo "2515"]
[BlackElo "2540"]
[Annotator "Ivanov,Se"]
[PlyCount "123"]
[EventDate "1997.09.25"]
[EventType "team-tourn"]
[EventRounds "11"]
[EventCountry "POL"]
[SourceTitle "CBM 061 Extra"]
[Source "ChessBase"]
[SourceDate "1998.03.09"]
[SourceVersion "1"]
[SourceVersionDate "1998.03.09"]
[SourceQuality "1"]
[WhiteTeam "Bielsko-Biala Wlokniarz"]
[BlackTeam "Niedobczyce Rymer"]
[WhiteTeamCountry "POL"]
[BlackTeamCountry "POL"]

1. d4 d5 2. c4 dxc4 3. Nf3 Nf6 4. Nc3 a6 5. e4 b5 6. e5 Nd5 7. a4 Nxc3 (7... c6
8. axb5 Nxc3 9. bxc3 cxb5 10. Ng5 f6 (10... Bb7 11. e6 $36) 11. Qf3 $36) (7...
e6 8. axb5 Bb4 9. Qc2 $14) (7... Nb4 8. Be2 Bf5 9. O-O $16) 8. bxc3 Qd5 (8...
Bb7 9. e6 $1 $36) 9. g3 Bb7 (9... Be6 10. Bg2 Qb7 11. O-O Bd5 12. e6 $1 $36)
10. Bg2 Qd7 11. Ba3 (11. O-O e6 12. Nh4) 11... g6 (11... e6 12. Bxf8 Kxf8 13.
O-O g6 14. Nh4 (14. Ng5) 14... Bxg2 15. Nxg2 c6 16. Ne3 Ra7 17. Qf3 Qe7 18.
axb5 cxb5 19. d5 Kg7 20. d6 Qg5 21. Qe4 Nd7 22. f4 Qd8 23. g4 $16 {Kogan -
Girtz, Martinji, 1994}) (11... Bd5 12. O-O Nc6 13. Re1 g6 (13... Rb8 $2 14. e6
$1 Bxe6 15. Rxe6 $1 fxe6 16. Ng5 g6 17. Bh3 Nd8 18. Qe2 Bg7 19. Nxe6 Nxe6 20.
Bxe6 Qd8 21. Qf3 $18 {Inkov - Donchev, Sofia, 1984}) 14. Bc5 $5 (14. e6 $5 fxe6
15. Ng5 Bxg2 16. Kxg2 Qd5+ 17. Qf3 $36) 14... Rd8 15. axb5 axb5 16. Ng5 $14)
12. h4 $5 (12. O-O Bg7 13. Re1 O-O 14. e6 fxe6 15. Ne5 Qc8 16. Bh3 (16. Bxb7
Qxb7 17. Qg4 Qd5 18. Bxe7 Re8 19. Bc5 $13 {I.Ibragimov}) 16... Bd5 17. Bxe7 Re8
18. Bg5 c5 $1 $15 {Shneider - I.Ibragimov,USSR, 1991}) 12... Bd5 $146 (12...
Bg7 13. h5 O-O 14. Kf1 $1 Bd5 15. Ng5 $5 (15. hxg6 fxg6 16. Ng5 Bxg2+ 17. Kxg2
Qd5+ 18. Kg1 (18. f3) 18... h6 19. Nh3 Nc6 20. Nf4 $16 {Sakaev - I.Ibragimov,
Kherson, 1991}) 15... Bxg2+ 16. Kxg2 Qd5+ (16... Nc6 $2 17. hxg6 hxg6 18. Rh8+
Bxh8 19. Qh1 Qd5+ 20. f3 $18) 17. f3 $5 (17. Qf3 Qxf3+ 18. Nxf3 (18. Kxf3 h6
19. Ne4 Nc6) 18... Re8 19. e6 fxe6 20. Rae1 Nd7 21. hxg6 hxg6 22. Rxe6 Bf6 23.
g4 Nb6 24. g5 Nd5 25. Kg3 Kf7 26. Rhe1 $13 {Zakharevich - I.Ibragimov, St.
Petersburg, 1994}) (17. Kg1 $6 Nc6 {with the idea b4}) 17... Nc6 18. hxg6 hxg6
$2 (18... fxg6 $142 19. Nxh7 Rf5 20. Rh3 {with the ideas Qe2, Rah1}) 19. Rh8+
$1 {1-0 Soln - Lazarev, Wien, 1994}) 13. Kf1 (13. h5 g5 $5) 13... Nc6 (13...
Bg7 14. h5 O-O 15. Ng5 {- 12...Bg7}) 14. h5 Na5 (14... Rg8 15. hxg6 hxg6 16.
Ng5 $36) 15. hxg6 fxg6 16. Ng5 Nb3 17. Ra2 Bxg2+ 18. Kxg2 Qd5+ 19. f3 (19. Qf3
Qxf3+ 20. Kxf3 h5 21. Ne6 Kd7 $13) 19... h5 $1 (19... h6 20. Nh3 $16 {with the
idea Nf4}) 20. Qb1 (20. Nh3 Bh6) 20... Rg8 21. axb5 Bh6 22. Ne4 axb5 23. Bb4
Rxa2+ (23... Kf7 24. Rxa8 Rxa8 (24... Qxa8) 25. g4 $5 c5 $5 $13) 24. Qxa2 Kf7
25. Qa7 (25. g4 Bf4 $1) 25... Rc8 (25... Ra8 26. Qxc7 Ra2+ 27. Kh3 (27. Kf1 $5
Ra1+ 28. Ke2) 27... Qe6+ 28. g4 $13) (25... Qc6 26. d5 $5 Qxd5 27. Qxc7 Qe6 28.
Rd1 $36) 26. Re1 Qa8 $5 27. e6+ Ke8 (27... Kxe6 $2 28. Nd6+ Kf6 29. Nxc8 $18)
28. Qxa8 Rxa8 29. f4 Ra1 (29... Ra2+ 30. Kf3 $13 {( XBh6)}) 30. Rxa1 Nxa1 31.
Kf3 Nc2 32. Ba5 c6 33. Nc5 Bg7 (33... g5 $5) 34. Na6 (34. Ke4 b4 $1 35. Bxb4
Bxd4 $11) 34... Ne1+ 35. Ke4 Nd3 36. d5 (36. Nb4 Nxb4 37. Bxb4 Bf6 $11) 36...
cxd5+ 37. Kxd5 h4 38. Nc7+ Kf8 39. gxh4 Nxf4+ 40. Ke4 Ng2 41. Nxb5 Nxh4 $11 42.
Na3 Nf5 (42... g5) 43. Nxc4 Bh6 (43... Nd6+ $2 44. Nxd6 exd6 45. Kd5 Ke7 46. c4
$1 g5 (46... Be5 47. c5 $18) 47. Bc7 Be5 48. c5 $18) (43... Bf6 $5) 44. Ne5 Kg7
45. Bb6 (45. c4 Kf6 46. Kd5 Ne3+ $11) 45... Bd2 (45... Kf6 46. Kd5 Ne3+ $2 47.
Bxe3 Bxe3 48. Ng4+ $18) 46. c4 Kf6 47. Kd5 Ng7 $5 (47... g5 48. Nd7+ Kg6 49. c5
) 48. Nf3 $1 (48. c5 Nxe6 49. c6 Bf4 $1 $11) (48. Nd7+ Kf5 49. Nf8 g5 50. c5
Bf4 (50... Be3 $5 51. Ba7 $5 Ne8 $13) 51. c6 Ne8 $13) 48... Bc3 $8 49. c5 $1 (
49. Bd4+ Bxd4 50. Nxd4 g5 51. c5 g4 52. c6 Ne8 $11) (49. Nd4 g5 50. c5 $140
Bxd4 51. Kxd4 Nxe6+ $11) 49... g5 (49... Nxe6 $5 50. c6 Kf5 (50... Bb4 51. Bd4+
Nxd4 (51... Kf5 52. Nh4+ $18) (51... Kf7 52. Ng5+ Nxg5 53. c7 $18) 52. c7 Nxf3
53. c8=Q Ng5 $8 54. Qf8+ Nf7 55. Kc6 $16 {with the idea Kd7-e8}) (50... g5 51.
Nxg5 (51. Nd4 $1 Nf4+ (51... Nxd4 $2 52. Bxd4+ Bxd4 53. c7 $18) (51... Bxd4 $2
52. Bxd4+ Kf5 53. Be5 $1 g4 54. Bg3 Kf6 55. Bh2 Kf5 56. Be5 $22 $18) 52. Kc4 (
52. Ke4 Ne6) 52... Bxd4 53. c7 Bxb6 54. c8=Q $16) 51... Nf4+ $1 52. Kc4 (52.
Ke4 Ne6 $1) 52... Be5 53. Bd4 Bxd4 54. c7 Kxg5 55. c8=Q e5 $11) (50... Bb2 $1
51. Nd4 (51. Ng5 Nf4+ 52. Kc4 Ne6 $11) 51... Nf4+ 52. Kc4 Ne6 $11) 51. Nh4+ Kf6
(51... Kg5 $4 52. Kxe6 Kxh4 53. c7 $18) 52. Nxg6 Bb4 $2 (52... Bb2 $1 53. Nf8
Nf4+ 54. Kc4 (54. Ke4 Ne6 $1) 54... Ne6 $1 $11 (54... Be5 $2 55. Nd7+ Ke6 56.
Nxe5 Kxe5 57. Bc7+ Kf5 58. Bxf4 $18)) 53. Bd4+ Nxd4 (53... Kxg6 54. Kxe6 Ba5 (
54... Bd6 55. Be5 $18) 55. Kxe7 $18 {with the idea Kd7-c8-b7,Bb6}) 54. c7 Nb5 (
54... Kxg6 55. Kxd4 $18) 55. c8=Q Kxg6 56. Qg4+ $18) 50. c6 Ne8 $2 (50... Nxe6
$142 {- 49...Ne6 50.c6 g5}) 51. c7 Nd6 52. Be3 $1 (52. Bd4+ Bxd4 53. Nxd4 g4
54. Nb5 Nc8 $11) (52. Bc5 Nc8 $13) 52... g4 53. Ng5 $1 $18 Ba5 (53... Kf5 54.
Ne4 $18) 54. Ne4+ Kg6 55. Nxd6 Bxc7 56. Nc8 Bd8 57. Bf4 Kf5 58. Bg3 Kg5 59. Kc6
Kf5 60. Kd7 Kf6 61. Nxe7 Bxe7 62. Bh4+ 1-0

[Event "USA-ch GpB"]
[Site "San Diego"]
[Date "2006.03.02"]
[Round "1"]
[White "Kaidanov, Gregory S"]
[Black "Kriventsov, Stanislav G"]
[Result "1/2-1/2"]
[WhiteElo "2603"]
[BlackElo "2449"]
[Annotator "Kaidanov,G"]
[PlyCount "67"]
[EventDate "2006.03.02"]
[EventType "swiss"]
[EventRounds "9"]
[EventCountry "USA"]
[SourceTitle "CBM 112"]
[Source "ChessBase"]
[SourceDate "2006.06.07"]
[SourceVersion "1"]
[SourceVersionDate "2006.06.07"]
[SourceQuality "1"]

1. Nf3 d5 2. d4 Nf6 3. c4 dxc4 4. Nc3 c5 5. d5 e6 6. e4 exd5 7. e5 d4 $2 8.
Bxc4 dxc3 9. Bxf7+ Ke7 10. exf6+ gxf6 11. Qb3 (11. Bd5 $16) 11... Qb6 12. O-O
Qxb3 13. Bxb3 Bg4 14. Re1+ (14. bxc3 Bxf3 15. gxf3 Nd7 16. Re1+ Kd8 17. Bf4 h5
18. Rad1 Bh6 19. Bd6 (19. Bxh6 Rxh6 20. Bf7 Rh8 21. Re2 Rc8) 19... Re8 20.
Rxe8+ Kxe8 21. Ba4 $18) 14... Kd8 15. Ng5 {This nice looking move maybe not
objectively the strongest.} (15. bxc3 Bxf3 16. gxf3 Bd6 17. Bh6 Nd7 18. Rad1
Kc7 19. Re6 Be5 20. Re7 Rad8 21. Be6 Bd6 22. Rxd7+ Rxd7 23. Bxd7 Rg8+ 24. Kh1
Rg6 25. Be3 Kxd7 26. Bxc5 f5 27. Bxa7 Kc6 28. Be3 $18) 15... fxg5 16. Bxg5+ Kc7
17. Bf6 cxb2 18. Bxb2 Bd6 19. Bxh8 Nc6 {White is up an exchange, but to win is
not easy, because it's easier for Black to activate his queenside majority.}
20. Bb2 (20. Bg7 $1 b5 21. Bd5) (20. Bc3) 20... Rf8 21. f3 $2 (21. Bd5 b5 (
21... Nb4 22. Be4) 22. Bxc6 Kxc6 23. Be5 b4 24. f3 Be6 $13) (21. Be6 Bh5 22.
Bd5 b5 23. a4 $1 (23. Bxc6 Kxc6 24. Be5 (24. Re6 Kd7) 24... c4) 23... a6 24.
axb5 axb5 25. Ra6 Nb4 26. Ra7+ Kb8 27. Rd7 $16) 21... Bf5 22. Rad1 (22. Bd5 Nb4
23. Be4 c4) (22. Be6 Bd3 $5 (22... Bg6 23. Bd5 Nb4 (23... b5 24. a4 a6 (24...
b4 25. Rac1) 25. axb5 axb5 26. Ra6 Nb4 27. Ra7+ Kb6 28. Rb7+ Ka5 29. Ra1+ $18)
24. Be4 {This is not as strong as before 21.f3, because the pawn on h7 is not
hanging.})) 22... b5 23. Be6 (23. Bg7 Rd8 24. g4 Bg6 25. Bf6 Rf8 26. Re6 Rxf6 (
26... Nd4 27. Bxd4 cxd4 28. Kg2) 27. Rxf6 Be5) (23. Bd5 Nb4 24. Be5 Nd3 25.
Bxd6+ Kxd6 26. Be4 c4 27. Kf1 (27. Bxd3 Bxd3 28. Re3 Rf7 29. Rdxd3+ cxd3 30.
Rxd3+ Kc5 $132) 27... b4 28. Bxf5 Rxf5 29. Re4 Kc5 30. Re7 Rh5 31. h3 Kd4 $11)
(23. Re2 $5 c4 24. Rxd6 $5 (24. Bc2 Bxc2 25. Rxc2 Nb4 (25... Rd8) 26. Rcd2 Bc5+
27. Kf1 Nd3 28. Rxd3 cxd3 29. Rxd3 a5 $44) 24... cxb3 $1 (24... Kxd6 25. Bxc4
$16) 25. Rf6 Rxf6 26. Bxf6 bxa2 27. Rxa2 a5 $36) 23... Bg6 24. Bd5 (24. a3 c4 (
24... Nd4 25. Kf2) (24... a5 25. Bd5 Ne7 26. Be5) 25. a4 Bc5+ 26. Kf1 a6 $36)
24... Nb4 25. a3 $4 {I plainly didn't see the d3-square being available for
the b4-knight.} (25. Be5 Bxe5 26. Rxe5 Rd8 27. Bb3 Rxd1+ 28. Bxd1 Kd6 29. Re2
c4 $36) (25. Be4 c4 26. Bxg6 (26. Bd4 Bxe4 27. Rxe4 Nd3 28. Bxa7 Ra8 $36) 26...
hxg6 27. Bd4 Nxa2 28. Ra1 Nb4 29. Rxa7+ Kc6 30. Re6 Kd5 31. Rxg6 Re8 $36) 25...
Nd3 $19 {Black is winning, but he offered a draw here.} 26. Re2 {refusing to
come in terms with reality.} c4 27. Bg7 Rd8 28. Be4 Bxe4 29. Rxe4 Bxa3 30. Kf1
Bc5 31. Rb1 Kc6 32. Rh4 Rd7 33. Rh6+ Kd5 (33... Kc7 $19) 34. Rh5+ {Offering a
draw, which was almost instantly accepted. Black was somewhat low on time, but
the main reason for him to agree for a draw was the fact that he was lost
after the opening. He didn't realize he is winning now.} 1/2-1/2

[Event "Balashiha"]
[Site "Balashiha"]
[Date "1977.05.11"]
[Round "9"]
[White "Knaak, Rainer"]
[Black "Szilagyi, Gyorgy"]
[Result "1-0"]
[WhiteElo "2500"]
[BlackElo "2370"]
[Annotator "Knaak,R/Poetzsch,A"]
[PlyCount "109"]
[EventDate "1977.04.29"]
[EventType "tourn"]
[EventRounds "13"]
[EventCountry "URS"]
[EventCategory "7"]
[SourceTitle "EXT 2002"]
[Source "ChessBase"]
[SourceDate "2001.11.25"]
[SourceVersion "1"]
[SourceVersionDate "2001.11.25"]
[SourceQuality "1"]

{SCHACH 9/1977 Seite 413} 1. d4 d5 2. c4 dxc4 3. Nf3 Nf6 4. Nc3 Nbd7 5. e4 Nb6
6. Bg5 c6 7. Be2 g6 8. a4 a5 9. Ne5 Be6 10. O-O Bg7 11. Qd2 O-O 12. Rad1 Nfd7
13. Nxd7 Bxd7 14. Qe3 f6 15. Bf4 e6 16. Qg3 Rc8 17. h4 Rf7 18. Bd6 Bf8 19. Bc5
Rg7 20. Rfe1 Kh8 21. Bf1 Be7 22. Re3 Be8 23. Qh3 Bf7 24. Rf3 f5 25. Qg3 Bg8 26.
Qf4 fxe4 27. Qxe4 Nd5 28. Bxe7 Qxe7 29. Bxc4 h6 30. Re1 Qb4 31. Bxd5 exd5 32.
Qe3 Kh7 33. h5 Qd6 34. Rg3 g5 35. Qd3+ Kh8 36. Re5 Rcc7 37. Re8 Rce7 38. Re3
Qd7 39. R8xe7 Rxe7 40. Qg6 Re6 41. Qd3 Bf7 42. Qf5 Qe7 43. Nd1 Rxe3 44. Nxe3 {
[#]In nur wenig schlechterer Stellung meinte Schwarz, sich auf die Folge von}
Bxh5 $6 {einlassen zu dürfen. Er gerät jetzt jedoch in große Schwierigkeiten:}
45. Qh3 $1 Bg6 ({Nach} 45... Qf7 46. g4 {büßt Schwarz den g- und h-Bauern ein.}
) 46. Qxh6+ Bh7 47. Nf5 Qf7 48. g4 {Schwarz gerät nun allmählich in eine
Zugzwangstellung hinein.} Qg6 49. Qf8+ Bg8 50. Qd8 $1 b5 51. b3 $1 {Den Bauern
a5 kann Weiß immer noch kassieren.} bxa4 52. bxa4 Kh7 ({Oder} 52... Qe6 53.
Qxg5 {denn Schwarz hat kein Dauerschach.}) 53. Qc7+ Kh8 {Weiß hat richtig
kalkuliert, als er zunächst auf den Bauern a5 verzichtete, denn Schwarz gerät
jetzt mit seinen Figuren in die Klemme.} (53... Bf7 {kostet nach} 54. Qh2+ Kg8
55. Ne7+ {die Dame.}) 54. Qe5+ Kh7 55. Qh2+ {3:17-3:15} 1-0

[Event "Linares 13th"]
[Site "Linares"]
[Date "1995.03.11"]
[Round "9"]
[White "Beliavsky, Alexander G"]
[Black "Illescas Cordoba, Miguel"]
[Result "1/2-1/2"]
[WhiteElo "2650"]
[BlackElo "2595"]
[Annotator "Kortschnoj,V"]
[PlyCount "100"]
[EventDate "1995.03.01"]
[EventType "tourn"]
[EventRounds "13"]
[EventCountry "ESP"]
[EventCategory "17"]
[SourceTitle "CBM 046"]
[Source "ChessBase"]
[SourceDate "1995.06.01"]
[SourceVersion "1"]
[SourceVersionDate "1995.06.01"]
[SourceQuality "1"]

1. d4 Nf6 2. Nf3 d5 3. c4 dxc4 4. Nc3 a6 5. e4 b5 6. e5 Nd5 7. a4 Nxc3 8. bxc3
Qd5 9. g3 Bb7 10. Bg2 Qd7 11. e6 $5 (11. Ba3) 11... Qxe6+ 12. Be3 Qc8 13. d5
Nd7 14. O-O Nf6 15. Ne5 e6 16. dxe6 fxe6 17. Bg5 Bd6 $1 $8 18. Bxf6 O-O $1 19.
Bxg7 Kxg7 20. Qg4+ Kh8 21. Bxb7 Qxb7 22. Qxe6 Qc8 (22... Rae8 $2 23. Nf7+ Kg7
24. Nxd6 $16) 23. Qd5 (23. Qxc8 Raxc8 24. Nc6 Rf3 $10) 23... Qf5 24. Rae1 Rad8
25. axb5 axb5 26. f4 (26. Qxb5 $6 c6 $1 27. Qa5 $2 Ra8 $19) 26... Bxe5 27.
Qxe5+ Qxe5 28. Rxe5 $14 c6 29. Re6 Rd3 30. Rc1 Ra8 31. f5 Ra2 32. f6 Kg8 33.
Rf1 Kf7 34. Re7+ Kf8 35. Rxh7 Rdd2 36. Rh8+ $2 (36. g4 $5 Kg8 37. Rh6) 36...
Kf7 37. Rh7+ Kg6 38. Rh4 Rg2+ 39. Kh1 Rgf2 $10 40. Rxf2 Rxf2 41. Kg1 Rxf6 42.
Kg2 Rd6 43. Rg4+ Kf5 44. Rf4+ Ke5 45. h4 c5 46. h5 Rh6 47. Rh4 Kf5 48. Kf3 Kg5
49. Ke4 b4 50. Kd5 Rxh5 1/2-1/2

[Event "EU-chT (Men) 20th"]
[Site "Reykjavik"]
[Date "2015.11.15"]
[Round "3.3"]
[White "Korobov, Anton"]
[Black "Naiditsch, Arkadij"]
[Result "1/2-1/2"]
[WhiteElo "2709"]
[BlackElo "2689"]
[Annotator "Krasenkow,M"]
[PlyCount "81"]
[EventDate "2015.11.13"]
[EventType "team-swiss"]
[EventRounds "9"]
[EventCountry "ISL"]
[SourceTitle "CBM 170"]
[Source "ChessBase"]
[SourceDate "2016.01.15"]
[SourceVersion "1"]
[SourceVersionDate "2016.01.15"]
[SourceQuality "1"]
[WhiteTeam "Ukraine"]
[BlackTeam "Azerbaijan"]
[WhiteTeamCountry "UKR"]
[BlackTeamCountry "AZE"]

1. d4 Nf6 2. c4 e6 3. Nf3 d5 4. Nc3 dxc4 5. e4 Bb4 6. Bxc4 Nxe4 7. O-O Nxc3 8.
bxc3 Bd6 {This gambit was examined in annotations to Sulskis-Lupulescu (CBM
146).} (8... Be7 {, covering the g5-square, is played more often.}) 9. Bd3 $146
{A logical continuation. The bishop will be more active on the b1-h7 diagonal.}
(9. Bg5 Be7 10. Bxe7 Qxe7 11. Qe2 O-O 12. Bd3 Nd7 13. Qe4 Nf6 14. Qh4 h6 15.
Ne5 Re8 16. f4 Bd7 17. Rf3 Nd5 $13 {0-1 (44) Gunina,V (2516)-Dzagnidze,N (2566)
Rome ITA 2015}) (9. Ng5 h6 10. Ne4 (10. Qh5 O-O 11. Re1 $5 hxg5 12. Bxg5 Be7
13. Bd3 f5 14. Bxe7 Qxe7 15. Bxf5 Rxf5 16. Qxf5 Nc6 $5 17. Qe4 Qg5 18. Re3 Bd7
19. Rh3 Qf5 20. Qh4 Rf8 21. Re1 Rf6 $13 {0-1 (42) Bulatov,R (2221)
-Fakhrutdinov,T (2128) Kazan 2013}) 10... O-O 11. Qf3 (11. Qh5 Nd7 $5 12. Bxh6
gxh6 13. Qxh6 Re8 14. Rae1 Bf8 $13 {0-1 Mamedyarov,S (2719)-Morozevich,A (2750)
/Moscow 2009/EXT 2010 (32)}) 11... Nc6 12. Nxd6 cxd6 13. Qg3 Qf6 14. Qxd6 Rd8
15. Qg3 e5 16. d5 (16. dxe5 Nxe5 17. Be2 $11) 16... Na5 17. Bb3 Nxb3 18. axb3
Rxd5 19. c4 Rd8 20. Bb2 Qf4 21. Bxe5 Qxg3 22. hxg3 Be6 $11 {1/2 (40)
Sargissian,G (2674)-Khairullin,I (2626) Plovdiv 2012}) (9. Re1 $5 O-O 10. Ng5
h6 11. Ne4 Nd7 12. Qf3 Re8 13. Nxd6 cxd6 14. Qg3 Kh8 15. Re4 Nf6 16. Rh4 Ng8
17. Bb3 a5 18. Bg5 Qc7 19. Re1 a4 20. Bc2 $44 {1-0 (38) Bacrot,E (2694)-Maze,S
(2573) Saint-Quentin 2015}) (9. Qe2 $5 O-O 10. Rd1 (10. Bg5 Qe8 11. Bd3 Nd7 12.
Qe4 f5 13. Qe2 h6 14. Bd2 e5 15. Bc4+ Kh8 16. dxe5 Nxe5 17. Rae1 Nxf3+ 18. Qxf3
Qg6 $15 {0-1 (82) Gunina,V (2509)-Kosteniuk,A (2527) Beijing 2013}) 10... Nc6
11. Bb3 Ne7 12. Bc2 f6 13. c4 c6 14. Qd3 Ng6 15. h4 f5 16. g3 h6 17. Bb2 Bd7
18. Re1 $44 {1-0 (25) Wen,Y (2583)-Lu,S (2606) Xinghua 2015}) 9... Nd7 10. Qe2
Qe7 $6 {The delay in castling is not a good idea in this position.} (10... O-O
{needs further examination.} 11. Qe4 g6 $5) 11. Re1 h6 (11... O-O 12. Qe4 g6 {
was still possible} (12... Nf6 13. Qh4 h6 $2 14. Bxh6 gxh6 15. Qxh6 $18 {
[%cal Re1e3]}) (12... f5 13. Qxe6+ Qxe6 14. Rxe6 $14)) 12. c4 c5 13. d5 e5 (
13... Nf6 $5) 14. Nd2 $6 (14. Bb2 O-O 15. Nxe5 {, regaining a pawn and keeping
a positional advantage, was a simple course.}) 14... O-O 15. f4 $6 (15. Ne4 $5
f5 $140 16. Nxd6 Qxd6 17. f3 $44 {[%csl Re5,Rf5]}) 15... f5 {It looks like
Anton Korobov simply overlooked this move. Black parries all threats, and
White has no compensation for the pawn anymore.} 16. fxe5 Qxe5 17. Nf3 $5 {
[%mdl 512]} Qxe2 {Black displays a lack of courage. Now White, controlling the
e-file, obtains decent counterplay.} (17... Qxa1 {was quite good:} 18. Qe6+ (
18. Bb2 Qxa2) 18... Rf7 19. Qxd6 Qf6 20. Bf4 Qxd6 21. Bxd6 b5 $1 (21... b6 $143
22. Re8+ Kh7 23. g4) 22. cxb5 Bb7 {, and Black should convert his material
advantage.}) 18. Rxe2 Nf6 (18... b5 $5 19. cxb5 Nb6 {[%cal Yf5f4,Gc8g4,Ya7a6]})
19. Bb2 Nh5 20. Rae1 (20. Be5 $5 Bxe5 21. Nxe5 Nf4 22. Ree1 Nxd3 23. Nxd3 b6
24. a4 $132) 20... Nf4 21. Re7 $1 {[%mdl 512]} Bxe7 22. Rxe7 Rf7 23. Re8+ Rf8
24. Re7 Rf7 25. Re8+ Kh7 $6 {A risky attempt to play for a win.} 26. Ne5 Nxd3
27. Nxd3 b5 (27... b6 28. Ne5 Rf6 {was too passive.}) 28. Ne5 (28. d6 $5 {
now posed problems to Black} bxc4 $140 29. Nxc5) 28... Rb7 29. d6 bxc4 30. Bc3
$6 (30. d7 Bxd7 31. Rxa8 Rxb2 32. Nxd7 c3 33. Nf8+ Kg8 34. Ne6+ Kf7 35. Nxc5 c2
36. Rxa7+ Kf6 37. Nd3 Rb1+ 38. Kf2 Rd1 39. Rc7 Rxd3 40. Rxc2 $11) 30... Rab8
31. h4 f4 (31... Bd7 $1 32. Rxb8 (32. Re7 Ba4 33. d7 Rd8) 32... Rxb8 33. Nxd7
Rd8 34. Nxc5 Rxd6 $17 {, and Black's rook and two pawns are stronger than
White's minor pieces.}) 32. Nc6 Rb1+ ({Black could still try} 32... Ra8 $5 {
[%cal Rb7d7,Rc8b7]} 33. Ne5 Rbb8) 33. Kh2 f3 34. Nxb8 (34. gxf3 $2 R8b2+ 35.
Kg3 (35. Bxb2 Rxb2+ 36. Kg3 Bd7) 35... Bd7 36. Re7 Rg1+ 37. Kf4 Rc2 $19) 34...
f2 35. Re7 f1=N+ {This underpromotion only leads to a perpetual.} (35... h5 $5
36. Rxg7+ Kh6 37. Rf7 f1=Q 38. Rxf1 Rxf1 39. d7 Bxd7 40. Nxd7 Rf2 41. a4 Rc2 {
was the last chance to play for a win for Black.}) 36. Kg1 Ne3+ 37. Kh2 Nf1+ (
37... Nf5 $2 38. g4) 38. Kg1 Ne3+ 39. Kh2 Nf1+ 40. Kg1 Ne3+ 41. Kh2 1/2-1/2